01018nam a2200193Ia 4500100002100000942000700021366000700028245002400035260002700059082001800086300000800104546002400112999001700136952018300153952013000336952011500466952012800581952011500709 aGhoshal/Subrata  cBK f20 aDigital Electronics bCengage Learningc2012 a621.3815bGHO a506 aENGLISHcPAMPHALETS c18385d18385 001040708CRCaCRCEbCRCEd2023-03-17eProfessional Book House.g340.00i32 dt 01/08/2013l5m1o621.3815 GHOp22932q2026-03-12r2026-03-02s2026-03-02v425.00w0000-00-00yBK 001040708CRCaCRCEbCRCEd2023-03-17eProfessionalg340.00l6m1o p22933r2025-05-13s2025-03-21v425.00w0000-00-00yBK 001040708CRCaCRCEb428d2023-03-17g340.00l4m1o p22934r2025-07-04s2025-06-24v425.00w0000-00-00yBK 001040708CRCaCRCEbCRCEd2023-03-17g425.00l4m1o p22935q2025-01-23r2025-01-13s2025-01-13v425.00w0000-00-00yBK 001040708CRCaCRCEb428d2023-03-17g340.00l3m1o p22936r2025-03-12s2025-02-10v425.00w0000-00-00yBK